000
00277nam a2200097Ia 4500
008
230822s9999 xx 000 0 und d
041
_a
eng
100
_a
KIANG TAN BENG
245
_a
BUILDING LIVES-A COMMUNITY PROJECT WITH GAWAD KALINGA IN MANILA
260
_b
CASSELL AND COMPANY
999
_c
861936
_d
861936